000 00390cam a22001337a 4500
008 180718b1968 xxu||||| |||| 00| 0 eng d
082 _aA99 M654/M458p
100 _aMazo, Earl
245 _aPresident Nixon: a political portrait
_cby Earl Mazo and Stephen Hess
260 _aLondon
_bMac-donald
_c1968
300 _a326p.
650 _aNixon, Richard Milhous, 1913
700 _aHess, Stephen
999 _c373637
_d373637